Palmarès messieurs de l'Indian Wells - Statistiques

Statistiques générales
  • Ce quiz a été pris 41 fois
  • Le résultat moyen est 23 sur 37
Statistiques - réponses
Année Vainqueur % Correct
2007 Rafael Nadal
100%
2009 Rafael Nadal
100%
2013 Rafael Nadal
100%
2008 Novak Djokovic
97%
2011 Novak Djokovic
97%
2014 Novak Djokovic
97%
2015 Novak Djokovic
97%
2016 Novak Djokovic
97%
2004 Roger Federer
97%
2005 Roger Federer
97%
2006 Roger Federer
97%
2012 Roger Federer
97%
2017 Roger Federer
97%
2023 Carlos Alcaraz
82%
2024 Carlos Alcaraz
82%
1994 Pete Sampras
74%
1995 Pete Sampras
74%
2001 Andre Agassi
69%
2019 Dominic Thiem
64%
2018 Juan Martin Del Potro
59%
1987 Boris Becker
49%
1988 Boris Becker
49%
2022 Taylor Fritz
41%
1991 Jim Courier
33%
1993 Jim Courier
33%
2002 Lleyton Hewitt
33%
2003 Lleyton Hewitt
33%
1992 Michael Chang
33%
1996 Michael Chang
33%
1997 Michael Chang
33%
2021 Cameron Norrie
28%
1990 Stefan Edberg
28%
1998 Marcelo Ríos
21%
2010 Ivan Ljubičić
10%
2000 Àlex Corretja
8%
1999 Mark Philippoussis
3%
1989 Miloslav Mečíř
3%
Aucun quiz correspondant
Distribution des résultats
% des personnes avec chaque résultat
Percentile par nombre de réponses
Votre historique - résultats
Vous n’avez pas pris ce quiz